Lịch sử tư tưởng chính trị - pháp lý : Sách chuyên khảo
Cuốn sách cung cấp những kiến thức cơ bản về lịch sử tư tưởng chính trị - pháp lý của một số quốc gia trên thế giới và Việt Nam trải dài qua các giai đoạn lịch sử từ cổ đại đến hiện đại....
Đã lưu trong:
| 主要作者: | |
|---|---|
| 其他作者: | , , , |
| 格式: | 图书 |
| 语言: | Vietnamese |
| 出版: |
H.
Đại học Quốc gia Hà Nội
2016
|
| 主题: | |
| 标签: |
添加标签
没有标签, 成为第一个标记此记录!
|
| Thư viện lưu trữ: | Thư viện Trường Đại học Nam Cần Thơ |
|---|
| LEADER | 01905nam a22002897a 4500 | ||
|---|---|---|---|
| 001 | NCT_66148 | ||
| 008 | 190812b xxu||||| |||| 00| 0 vie d | ||
| 999 | |c 3200 |d 3200 | ||
| 020 | |a 9786046241720 |c 136000 | ||
| 082 | 0 | 4 | |2 23rd ed. |a 340.09 |b Qu250 |
| 100 | 1 | |a Hoàng Thị Kim Quế |e Chủ biên | |
| 245 | 1 | 0 | |a Lịch sử tư tưởng chính trị - pháp lý : |b Sách chuyên khảo |c Hoàng Thị Kim Quế, Nguyễn Đăng Dung (đồng chủ biên) |
| 260 | |a H. |b Đại học Quốc gia Hà Nội |c 2016 | ||
| 300 | |a 658 tr. |c 24cm | ||
| 500 | |a ĐTTS ghi: Đại học Quốc gia Hà Nội. Khoa Luật | ||
| 520 | 3 | |a Cuốn sách cung cấp những kiến thức cơ bản về lịch sử tư tưởng chính trị - pháp lý của một số quốc gia trên thế giới và Việt Nam trải dài qua các giai đoạn lịch sử từ cổ đại đến hiện đại. | |
| 653 | |a Luật học | ||
| 700 | 1 | |a Nguyễn Đăng Dung |e Đồng chủ biên | |
| 700 | 1 | |a Đặng Minh Tuấn | |
| 700 | 1 | |a Đỗ Đức Minh | |
| 700 | 1 | |a Mai Văn Thắng | |
| 942 | |2 ddc |c BK | ||
| 952 | |0 0 |1 0 |2 ddc |4 0 |6 340_090000000000000_QU250 |7 0 |9 17306 |a 000001 |b 000001 |d 2019-08-12 |o 340.09 Qu250 |p MD.15495 |r 2019-08-12 |v 136000.00 |w 2019-08-12 |y BK | ||
| 952 | |0 0 |1 0 |2 ddc |4 0 |6 340_090000000000000_QU250 |7 0 |9 17307 |a 000001 |b 000001 |d 2019-08-12 |l 1 |o 340.09 Qu250 |p MD.15496 |q 2022-02-26 |r 2022-02-11 |s 2022-02-11 |v 136000.00 |w 2019-08-12 |y BK | ||
| 952 | |0 0 |1 0 |2 ddc |4 0 |6 340_090000000000000_QU250 |7 0 |9 17308 |a 000001 |b 000001 |d 2019-08-12 |o 340.09 Qu250 |p MD.15497 |r 2019-08-12 |v 136000.00 |w 2019-08-12 |y BK | ||
| 952 | |0 0 |1 0 |2 ddc |4 0 |6 340_090000000000000_QU250 |7 0 |9 17309 |a 000001 |b 000001 |d 2019-08-12 |o 340.09 Qu250 |p MD.15499 |r 2019-08-12 |v 136000.00 |w 2019-08-12 |y BK | ||
| 980 | |a Thư viện Trường Đại học Nam Cần Thơ | ||


